000
00273nam a2200097Ia 4500
001
643398
005
20250826153545.0
008
250824s9999 xx 000 0 und d
245
0
_a
KAYIP HARİTANIN PEŞİNDE İSTANBUL DEDEKTİFLERİ
_c
MUSTAFA ORAKÇI
260
_b
GENÇ TİMAŞ
999
_c
643398
_d
643398